Länder mit den größten Erdölreserven - Statistiken

Allgemein
  • Dieses Quiz wurde 256 mal gespielt
  • Das Durchschnittsergebnis liegt bei 11 aus 15
Antwortstatistiken
In Mrd. Tonnen Antwort % Korrekt
14,8 Russland
96%
40,9 Saudi-Arabien
96%
8,2 Vereinigte Staaten
93%
19,6 Irak
89%
21,7 Iran
89%
2,6 Katar
87%
27,1 Kanada
84%
13 Vereinigte Arabische Emirate
84%
3,5 China
83%
14 Kuwait
72%
1,7 Brasilien
65%
3,9 Kasachstan
60%
48 Venezuela
60%
6,3 Libyen
41%
5 Nigeria
39%
Keine übereinstimmenden Quizze gefunden
Verteilung der Resultate
Anzahl Personen mit jedem Resultat
Perzentil nach korrekt beantworteten Fragen
Ihre Resultats-Entwicklung
Sie haben dieses Quiz noch nicht gespielt